[Event "6th Open"]
[Site "Velika Gorica CRO"]
[Date "2006.08.20"]
[Round "2"]
[White "Kovacevic,B"]
[Black "Jukic,Ze"]
[Result "1-0"]
[WhiteElo "2490"]
[BlackElo "2246"]

1.Nf3 Nf6 2.c4 c5 3.Nc3 d5 4.cxd5 Nxd5 5.d4 Nxc3 6.bxc3 g6 7.e3 Bg7 8.Bd3 O-O
9.O-O Nc6 10.Qe2 e5 11.dxc5 Qe7 12.Nd2 Qxc5 13.Ne4 Qa5 14.Rb1 Qc7 15.Ba3 Rd8
16.Rfd1 Bf5 17.g4 Bxe4 18.Bxe4 Rxd1+ 19.Rxd1 Rd8 20.c4 Rxd1+ 21.Qxd1 Bf8
22.Bxf8 Kxf8 23.Qa4 Na5 24.Bd5 b6 25.Kg2 Qe7 26.h3 Kg7 27.Kg3 h5 28.Qb5 hxg4
29.hxg4 Kf8 30.Kf3 Nb7 31.Bxb7 Qxb7+ 32.Qd5 Qe7 33.Ke4 f6 34.Qc6 Kg7 35.Kd5 Kh6
36.Qc8 Kg5 37.Ke4 Qd6 38.Qg8 Qd2 39.f3 Qc2+ 40.Kd5 Qd3+ 41.Kc6 Qxe3 42.Qd5 Kf4
43.Kb7 a5 44.Qe6 f5 45.Qxg6 Qxf3+ 46.Kxb6 Qe3+ 47.c5 fxg4 48.Qh6+ Kf3 49.Qxe3+ Kxe3
50.c6 g3 51.c7 g2 52.c8=Q Ke2 53.Qg4+ Kf2 54.Qf5+  1-0

[Event "6th Open"]
[Site "Velika Gorica CRO"]
[Date "2006.08.20"]
[Round "3"]
[White "Feletar,D"]
[Black "Devcic,D"]
[Result "1/2-1/2"]
[WhiteElo "2400"]
[BlackElo "2287"]

1.Nf3 c5 2.c4 Nf6 3.Nc3 b6 4.d4 cxd4 5.Nxd4 Bb7 6.f3 d6 7.e4 a6 8.Be3 e6
9.Be2 Nbd7 10.O-O Be7 11.Qd2 O-O 12.Rfd1 Qc7 13.Rac1 Rac8 14.Kh1 Qb8 15.Bf1 Ne5
16.b3 Ng6 17.Qf2 Bd8  1/2-1/2

[Event "Lichtenberger Sommer"]
[Site "Berlin GER"]
[Date "2006.08.22"]
[Round "4"]
[White "Kohler,T"]
[Black "Shapiro,Y"]
[Result "1-0"]
[WhiteElo "2245"]
[BlackElo "2131"]

1.c4 Nf6 2.Nf3 c5 3.Nc3 d5 4.cxd5 Nxd5 5.d4 Nxc3 6.bxc3 g6 7.Bg5 Bg7 8.e3 Nc6
9.Be2 Qa5 10.O-O Bg4 11.Rb1 cxd4 12.Rxb7 dxc3 13.Bb5 O-O 14.Bxc6 Bxf3 15.Qxf3 Qxg5
16.Rb5 Qxb5 17.Bxb5 Rfc8 18.Bc4 e6 19.Bb3 Rab8 20.Rc1 Rb4 21.g3 a5 22.Qd1 Ra8
23.Qd6 Rab8 24.Qc7 R4b5 25.Rd1 Bf6 26.Rd7 Be5 27.Rd8+ Rxd8 28.Qxd8+ Kg7 29.f4 a4
30.Bxa4 Rb1+ 31.Kg2 Bf6 32.Qd3 Rb2+ 33.Bc2 Rxa2 34.e4 Ra3 35.e5 Be7 36.Qc4 h5
37.Bb3 Ra5 38.Qxc3 Rc5 39.Qd3 Rc7 40.Qb5 Bc5 41.Qa5 Rc8 42.Ba4 Bf8 43.Qa7 Rc1
44.Be8  1-0

[Event "XXVI Open A"]
[Site "Bratto ITA"]
[Date "2006.08.22"]
[Round "4"]
[White "Zoldan,M"]
[Black "Grooten,H"]
[Result "0-1"]
[WhiteElo "2127"]
[BlackElo "2362"]

1.c4 c5 2.Nc3 b6 3.Nf3 Nf6 4.e4 d6 5.d4 cxd4 6.Nxd4 Bb7 7.Bd3 Nbd7 8.f3 g6
9.Bg5 Bg7 10.Qd2 a6 11.Rc1 Rc8 12.Be2 h6 13.Be3 e6 14.O-O g5 15.Rcd1 Nh5
16.Rf2 Be5 17.g3 Rg8 18.Rg2 Bf6 19.Nb3 Be7 20.Qe1 Nhf6 21.Nd2 Qc7 22.Qf2 Bd8
23.Bf1 Qb8 24.Qe1 h5 25.Rf2 Bc7 26.Bg2 Kf8 27.Nf1 Ne5 28.b3 b5 29.cxb5 Ba5
30.bxa6 Bxc3 31.Qe2 Ba8 32.Nd2 h4 33.Kf1 hxg3 34.hxg3 Bb4 35.Nc4 Nxc4 36.bxc4 Qc7
37.Rc1 Bc5 38.Qd2 Bxe3 39.Qxe3 Qc5 40.Qc3 Ke7  0-1

[Event "3rd Dato Arthur Tan"]
[Site "Kuala Lumpur MAS"]
[Date "2006.08.22"]
[Round "3"]
[White "Rahman,Zia"]
[Black "Shen Siyuan"]
[Result "1/2-1/2"]
[WhiteElo "2534"]
[BlackElo "2257"]

1.Nf3 Nf6 2.c4 c5 3.Nc3 b6 4.g3 Bb7 5.Bg2 g6 6.O-O Bg7 7.d4 cxd4 8.Qxd4 d6
9.Rd1 Nbd7 10.Be3 Rc8 11.Rac1 O-O 12.Qh4 Re8 13.b3 Qc7 14.Bh3 Qb8 15.g4 Nf8
16.g5 N6d7 17.Bd4 Qa8 18.Bxg7 Kxg7 19.Qd4+ Kg8 20.Nd5 e6 21.Ne3 Bxf3 22.exf3 Ne5
23.Qxd6 Nxf3+ 24.Kf1 Nxg5 25.Bg2 Ne4 26.Qe5 f5 27.Ng4 f4 28.Bxe4 Qb8 29.Qxb8 Rxb8
30.b4 Re7 31.c5 bxc5 32.bxc5 Rc7 33.c6 Kf7 34.Rd4 Rb2 35.Kg2 Re7 36.a3 e5
37.Rd5 Ne6 38.Kf1 Ng5 39.Bg2 Nf3 40.Bxf3  1/2-1/2

[Event "XXVI Open A"]
[Site "Bratto ITA"]
[Date "2006.08.24"]
[Round "6"]
[White "Sbarra,M"]
[Black "Grooten,H"]
[Result "0-1"]
[WhiteElo "2290"]
[BlackElo "2362"]

1.c4 Nf6 2.Nc3 c5 3.Nf3 b6 4.g3 Bb7 5.Bg2 e6 6.O-O d6 7.b3 Nbd7 8.Bb2 a6
9.d4 cxd4 10.Qxd4 Be7 11.e4 Qc7 12.Rfe1 O-O 13.Nd2 Rfe8 14.Qd3 Bf8 15.Rad1 Rac8
16.Nf3 Qb8 17.Nd4 g6 18.Qb1 Bg7 19.Rd2 Nc5 20.Qd1 h5 21.Ba1 Qa8 22.Rde2 Red8
23.Qb1 Qa7 24.Rd1 Ng4 25.Bb2 b5 26.cxb5 Bxd4 27.Rxd4 Nxb3 28.Rd1 Nc5 29.Red2 Qb6
30.bxa6 Bxa6 31.Ba3 Qa7 32.h3 Ne5 33.Bxc5 Qxc5 34.Ne2 Nc4 35.Rc2 Qa5 36.Qc1 Ne5
37.Rxc8 Rxc8 38.Qd2 Qa3 39.Nc1 Rc3 40.Qg5 Rc2 41.Qf4 Bc4 42.Bf1 Bxa2 43.Nd3 Nxd3
44.Rxd3 Qc1 45.Qxd6 Qe1 46.Qd8+ Kg7 47.Qd4+ e5 48.Rd1 Qxf1+  0-1

[Event "Lichtenberger Sommer"]
[Site "Berlin GER"]
[Date "2006.08.25"]
[Round "7"]
[White "Sawatzki,J"]
[Black "Kohtz,A"]
[Result "1/2-1/2"]
[WhiteElo "2260"]
[BlackElo "2094"]

1.c4 Nf6 2.Nc3 c5 3.Nf3 d5 4.cxd5 Nxd5 5.g3 Nc6 6.Nxd5 Qxd5 7.Bg2 e5 8.d3 Be7
9.Be3 Qd8 10.O-O Bd7 11.Rc1 b6 12.Bd2 O-O 13.Bc3 f6 14.Qd2 Rc8 15.b3 Nd4
16.e3 Nxf3+ 17.Bxf3 Bf5 18.d4  1/2-1/2

[Event "Open"]
[Site "Brasschaat BEL"]
[Date "2006.08.25"]
[Round "7"]
[White "Van Herck,P"]
[Black "Van den Brande,W"]
[Result "0-1"]
[WhiteElo "1950"]
[BlackElo "2226"]

1.Nf3 c5 2.c4 Nf6 3.Nc3 e6 4.e3 a6 5.d4 d5 6.cxd5 exd5 7.dxc5 Bxc5 8.Be2 O-O
9.O-O Nc6 10.b3 Qd6 11.Bb2 Ba7 12.a4 Re8 13.Ba3 Qd8 14.Qd3 d4 15.exd4 Nxd4
16.Nxd4 Qxd4 17.Rac1 Qxd3 18.Bxd3 Be6 19.b4 Rad8 20.Be2 Bg4 21.Bc4 Rd4 22.Bb3 Bf5
23.a5 Bd7 24.Ba4 Bxa4 25.Nxa4 Rd3 26.Bb2 Ne4 27.Rc7 Rb8 28.Rfc1 h5 29.g3 Bxf2+
30.Kf1 Rd2 31.Re7 Ng5 32.Rcc7 Ba7 33.h4 Nf3 34.Rxf7 Rf2+  0-1

[Event "3rd Dato Arthur Tan"]
[Site "Kuala Lumpur MAS"]
[Date "2006.08.25"]
[Round "7"]
[White "Nguyen Thi Thanh An"]
[Black "Megaranto,S"]
[Result "1/2-1/2"]
[WhiteElo "2312"]
[BlackElo "2512"]

1.c4 c5 2.Nc3 Nf6 3.Nf3 b6 4.e4 d6 5.d4 cxd4 6.Nxd4 Bb7 7.f3 e6 8.Be2 Be7
9.O-O O-O 10.Be3 a6 11.Qd2 Nbd7 12.Rfd1 Qc7 13.Rac1 Rac8 14.Bf1 Rfd8 15.Qf2 Qb8
16.a3 Rf8 17.b4 h6 18.Nb3 Bc6 19.Nd4 Bb7 20.Nb3 Bc6 21.Nd4 Bb7  1/2-1/2

[Event "VIII Open"]
[Site "Sants ESP"]
[Date "2006.08.26"]
[Round "2"]
[White "Marin,M"]
[Black "Lasinskas,P"]
[Result "1-0"]
[WhiteElo "2544"]
[BlackElo "2124"]

1.c4 Nf6 2.Nc3 c5 3.Nf3 d5 4.cxd5 Nxd5 5.d4 e6 6.e4 Nxc3 7.bxc3 cxd4 8.cxd4 Qa5+
9.Bd2 Bb4 10.Rb1 Bxd2+ 11.Qxd2 Qxd2+ 12.Kxd2 Ke7 13.Bd3 Rd8 14.Rhc1 Nc6 15.Ke3 f6
16.Rb5 a6 17.Rb6 Na7 18.e5 f5 19.Rc7+ Rd7 20.Rxd7+ Kxd7 21.Ng5 Kc7 22.Rd6 Nb5
23.Nxe6+ Bxe6 24.Rxe6 f4+ 25.Kxf4 Nxd4 26.Re7+ Kb6 27.Be4 Ne2+ 28.Ke3 Nc3
29.Rxb7+ Ka5 30.Rc7 Nd5+  1-0

[Event "VIII Open"]
[Site "Sants ESP"]
[Date "2006.08.26"]
[Round "2"]
[White "Cicak,S"]
[Black "Castaner Halster,X"]
[Result "1-0"]
[WhiteElo "2532"]
[BlackElo "2120"]

1.c4 Nf6 2.Nc3 e6 3.Nf3 c5 4.e4 Nc6 5.Be2 a6 6.O-O Be7 7.d4 cxd4 8.Nxd4 Qc7
9.Be3 d6 10.Rc1 Qb8 11.Na4 Nd7 12.Nxc6 bxc6 13.c5 dxc5 14.f4 O-O 15.Qc2 a5
16.Rfd1 g6 17.b3 e5 18.f5 gxf5 19.exf5 Nf6 20.Bg5 Qa7 21.Bc4 Nd5 22.Bh6 Rd8
23.Qf2 Bf6 24.Nc3 Qd7  1-0

[Event "Adolfo Pedrido Mem"]
[Site "Vilagarcia de Arousa ESP"]
[Date "2006.08.26"]
[Round "2"]
[White "Rodriguez Calvo,M"]
[Black "Espineira Gonzalez,D"]
[Result "1/2-1/2"]
[WhiteElo "2123"]
[BlackElo "2337"]

1.Nf3 e6 2.c4 Nf6 3.Nc3 c5 4.g3 Be7 5.Bg2 O-O 6.O-O Nc6 7.b3 d5 8.cxd5 Nxd5
9.Bb2 Ndb4 10.Rc1 f6 11.a3 Na6 12.e3 Qd3 13.Re1 e5 14.Bf1 Qd8 15.h3 Kh8 16.d4 Na5
17.dxe5 Be6 18.b4 cxb4 19.axb4 Nxb4 20.Nd4 Bg8 21.exf6 Bxf6 22.Ba3 Be7 23.Rb1 Nd5
24.Bxe7 Nxe7 25.Bg2 Rc8 26.Ne4 b6 27.Nb5 Qxd1 28.Rexd1 a6  1/2-1/2

[Event "TCh-Serbia"]
[Site "Zlatibor SCG"]
[Date "2006.08.26"]
[Round "1"]
[White "Mozetic,D"]
[Black "Nestorovic,DN"]
[Result "0-1"]
[WhiteElo "2424"]
[BlackElo "2353"]

1.Nf3 c5 2.c4 Nf6 3.Nc3 b6 4.e3 Bb7 5.d4 cxd4 6.exd4 e6 7.Bd3 Be7 8.O-O O-O
9.Qe2 Nc6 10.Be3 d5 11.a3 Ba6 12.cxd5 Bxd3 13.Qxd3 Nxd5 14.Rac1 Bf6 15.Ne4 Qd7
16.Bg5 Bxg5 17.Nfxg5 f5 18.Nc3 Nxc3 19.bxc3 h6 20.Nf3 Rad8 21.Rfe1 Rfe8 22.Rc2 e5
23.Qc4+ Kh7 24.Rce2 e4 25.Nd2 Rc8 26.Qa2 Ne7 27.Nb1 Nd5 28.c4 Nf4  0-1

[Event "Adolfo Pedrido Mem"]
[Site "Vilagarcia de Arousa ESP"]
[Date "2006.08.30"]
[Round "6"]
[White "Gil Reguera,J"]
[Black "Espineira Gonzalez,D"]
[Result "1/2-1/2"]
[WhiteElo "2261"]
[BlackElo "2337"]

1.c4 e6 2.Nf3 Nf6 3.Nc3 c5 4.g3 Nc6 5.Bg2 d5 6.cxd5 Nxd5 7.O-O Nb6 8.d3 Be7
9.Bf4 O-O 10.Rc1 f5 11.Ne5 Nxe5  1/2-1/2

[Event "TCh-Serbia"]
[Site "Zlatibor SCG"]
[Date "2006.08.30"]
[Round "5"]
[White "Strikovic,A"]
[Black "Cabrilo,G"]
[Result "0-1"]
[WhiteElo "2510"]
[BlackElo "2461"]

1.c4 Nf6 2.Nc3 c5 3.Nf3 g6 4.d4 cxd4 5.Nxd4 Bg7 6.e4 O-O 7.Be2 Nc6 8.Be3 d6
9.O-O Bd7 10.Qd2 Nxd4 11.Bxd4 Bc6 12.f3 a5 13.b3 Nd7 14.Be3 Nc5 15.Rab1 Qb6
16.Rfc1 Rfc8 17.Rc2 h5 18.Kh1 Kh7 19.a3 Qd8 20.b4 axb4 21.axb4 Ne6 22.Nd5 Ra3
23.f4 Rca8 24.h3 Qh8 25.Rd1 Ba4 26.Bd3 Bd4 27.Rcc1 Bxd1 28.Rxd1 Ra2 29.Qe1 Bxe3
30.Qxe3 Qb2 31.Bf1 Ra1 32.Rxa1 Rxa1 33.Kg1 Nd4 34.Qf2 Qxf2+ 35.Kxf2 Ra2+
36.Ke3 Nc2+ 37.Kf3 Kg7 38.Nxe7 Nxb4 39.Nc8 Ra6 40.g4 Ra3+ 41.Kg2 Nd3 42.Nxd6 Nxf4+
43.Kh2 Rf3  0-1

[Event "TCh-Serbia"]
[Site "Zlatibor SCG"]
[Date "2006.08.31"]
[Round "6"]
[White "Munizaba,S"]
[Black "Arsovic,Z"]
[Result "0-1"]
[WhiteElo "2319"]
[BlackElo "2441"]

1.c4 Nf6 2.Nc3 c5 3.Nf3 e6 4.g3 b6 5.Bg2 Bb7 6.O-O d6 7.d4 cxd4 8.Nxd4 Bxg2
9.Kxg2 Qc8 10.Qd3 a6 11.b3 Be7 12.Qf3 Ra7 13.Bb2 O-O 14.Rac1 Rc7 15.Rfd1 Nbd7
16.e4 Qb7 17.Qe3 Ne5 18.f3 Rd8 19.Rd2 Nc6 20.Nxc6 Rxc6 21.a4 Nd7 22.Rcd1 Nc5
23.Ne2 Re8 24.Qc3 Bf6 25.Qc2 Be7 26.e5 dxe5 27.b4 Bg5 28.bxc5 Bxd2 29.Rxd2 Rxc5
30.Ba3 Rcc8 31.Qb3 Qc6 32.Rc2 Red8 33.Kf2 e4 34.fxe4 Qxe4 35.Rc3 Rd2 36.Re3 Qh1
37.g4 Qxh2+ 38.Ke1 Rcd8 39.Ng3 Qf2+  0-1

[Event "Open A"]
[Site "Trieste ITA"]
[Date "2006.09.02"]
[Round "1"]
[White "Tratar,M"]
[Black "Cozzarin,D"]
[Result "1-0"]
[WhiteElo "2503"]
[BlackElo "2062"]

1.Nf3 Nf6 2.c4 c5 3.Nc3 g6 4.d4 cxd4 5.Nxd4 Bg7 6.e4 d6 7.Be2 O-O 8.O-O Nc6
9.Be3 Bd7 10.Qd2 Ng4 11.Bxg4 Bxg4 12.h3 Bd7 13.Rad1 Rc8 14.b3 a6 15.Nde2 Be6
16.f4 f5 17.Nd4 Nxd4 18.Bxd4 Qa5 19.Rfe1 Rf7 20.Bxg7 Rxg7 21.e5 Bf7 22.exd6 exd6
23.Re3 b5 24.Qxd6 bxc4 25.b4  1-0

[Event "5th Open"]
[Site "Istanbul TUR"]
[Date "2006.09.03"]
[Round "5"]
[White "Magalashvili,D"]
[Black "Azarov,S"]
[Result "1/2-1/2"]
[WhiteElo "2459"]
[BlackElo "2579"]

1.Nf3 Nf6 2.c4 e6 3.Nc3 c5 4.g3 b6 5.Bg2 Bb7 6.O-O Be7 7.d4 cxd4 8.Qxd4 d6
9.Bg5 a6 10.Bxf6 Bxf6 11.Qf4 Ra7 12.Rfd1 Be7 13.Ne4 Bxe4 14.Qxe4 O-O 15.Nd4 Qc8
16.b3 Re8 17.a4 Qc5 18.Ra2 Rd7 19.Qb1 a5 20.Rad2 Bf8 21.Qd3 Red8 22.Nb5 Na6
23.Be4 g6 24.Qf3 Nb4 25.Qf4 d5 26.cxd5 Nxd5 27.Qf3 Ne3 28.Rxd7 Rxd7 29.Rb1 Nd1
30.e3 Nc3 31.Nxc3 Qxc3 32.Bc6 Rd8 33.Qe4 Ba3 34.Kg2 Rd2 35.Bb5 Bc5 36.Kg1 Kg7
37.Bc4 h5 38.Rf1 Qf6 39.Qf4 g5 40.Qxf6+ Kxf6 41.Re1 e5 42.h3 e4 43.Kg2 Kg6
44.Re2 Rd1 45.g4  1/2-1/2

[Event "Open A"]
[Site "Trieste ITA"]
[Date "2006.09.03"]
[Round "2"]
[White "Pregarac,V"]
[Black "Vitri,S"]
[Result "1-0"]
[WhiteElo "2058"]
[BlackElo "2105"]

1.c4 Nf6 2.Nc3 c5 3.Nf3 b6 4.d4 cxd4 5.Nxd4 Bb7 6.Qd3 d6 7.e4 Nbd7 8.f3 g6
9.Be3 Bg7 10.Be2 Rc8 11.Qd2 Ne5 12.b3 a6 13.O-O O-O 14.Rac1 Qc7 15.Nd5 Qd8
16.Qb4 Nfd7 17.a4 e6 18.Nc3 Nc5 19.Rfd1 Qc7 20.Qa3 Rfd8 21.Kh1 Nc6 22.Nxc6 Bxc6
23.b4 Nd7 24.Nd5 Bxd5 25.cxd5 Qb7 26.dxe6 fxe6 27.Rxd6 Be5 28.Rd2 Rxc1+ 29.Qxc1 Rc8
30.Rc2 Rxc2 31.Qxc2 Qb8 32.Bxa6 Qd6 33.Qd2 Bxh2 34.Qxd6 Bxd6 35.Bc8 Nf8 36.Bxb6 Bxb4
37.a5  1-0

[Event "FSGM September"]
[Site "Budapest HUN"]
[Date "2006.09.04"]
[Round "3"]
[White "Fogarasi,T"]
[Black "Radziewicz,I"]
[Result "1-0"]
[WhiteElo "2435"]
[BlackElo "2425"]

1.c4 c5 2.Nf3 Nf6 3.Nc3 e6 4.e4 d6 5.d4 cxd4 6.Nxd4 Be7 7.Be2 O-O 8.O-O b6
9.Bf3 e5 10.Nf5 Nc6 11.Nxe7+ Qxe7 12.Be3 Na5 13.b3 Bb7 14.Rc1 Rac8 15.Nb5 Bxe4
16.Qxd6 Rce8 17.b4 Qb7 18.Bxe4 Nxe4 19.Qd3 a6 20.Na3 Rd8 21.Qc2 Nc6 22.Qxe4 f5
23.Qf3 e4 24.Qh3 Nxb4 25.Nc2 Nxa2 26.Rb1 b5 27.Bd4 e3 28.Qxe3 f4 29.Qe6+ Kh8
30.cxb5  1-0

[Event "TCh-ESP Honor Gp1"]
[Site "Olite ESP"]
[Date "2006.09.06"]
[Round "1"]
[White "Sasikiran,K"]
[Black "Nisipeanu,LD"]
[Result "1-0"]
[WhiteElo "2675"]
[BlackElo "2696"]

1.Nf3 c5 2.c4 Nf6 3.Nc3 e6 4.e3 d5 5.d4 cxd4 6.exd4 Bb4 7.Bd3 dxc4 8.Bxc4 Qc7
9.Qe2 O-O 10.O-O Bxc3 11.bxc3 Nbd7 12.Bd2 b6 13.Bd3 Bb7 14.Rac1 Rfe8 15.Rfe1 Qd6
16.Bg5 Rac8 17.Bh4 Nh5 18.Qe3 Qf4 19.Bb5 Bc6 20.a4 Qxe3 21.fxe3 f5 22.c4 Nhf6
23.Bxf6 gxf6 24.Nh4 Nf8 25.d5 Bxb5 26.cxb5 Ng6 27.Nxg6 hxg6 28.dxe6 Kf8 29.Red1 Rxc1
30.Rxc1 Rxe6 31.Kf2 Re4 32.Rc8+ Kf7 33.Rc7+ Re7 34.Rxe7+ Kxe7 35.Kf3 Kd6
36.Kf4 Kd5 37.h4 Ke6 38.g3 Ke7 39.e4 fxe4 40.Kxe4 Kd6 41.g4 Ke6 42.h5 Kf7
43.Kd5 Kg7 44.Ke6  1-0

[Event "TCh-ESP Honor Gp1"]
[Site "Olite ESP"]
[Date "2006.09.08"]
[Round "3"]
[White "Krasenkow,M"]
[Black "Nisipeanu,LD"]
[Result "1/2-1/2"]
[WhiteElo "2635"]
[BlackElo "2696"]

1.Nf3 Nf6 2.c4 e6 3.Nc3 c5 4.g3 b6 5.Bg2 Bb7 6.O-O d6 7.Re1 Be7 8.e4 a6 9.d4 cxd4
10.Nxd4 Qc7 11.Be3 Nbd7 12.f4 O-O 13.g4 Nc5 14.Bf2 g6 15.e5 dxe5 16.fxe5 Nfd7
17.Bg3 Bxg2 18.Kxg2 Rac8 19.Qe2 Nb7 20.Rac1 Qxc4 21.Qf3 Qxd4 22.Rcd1 Qb4
23.Rxd7 Qxb2+ 24.Ne2 Bb4 25.Rxb7 Bxe1 26.Bxe1 Rc2 27.Kf1 f6 28.Qh3 fxe5+
29.Kg1 Rf7 30.Rxf7 Kxf7 31.Qxh7+ Kf8 32.Qh8+ Kf7 33.Qh7+ Kf8 34.Qh8+ Kf7  1/2-1/2

[Event "FSGM September"]
[Site "Budapest HUN"]
[Date "2006.09.09"]
[Round "8"]
[White "Flumbort,A"]
[Black "Womacka,M"]
[Result "1/2-1/2"]
[WhiteElo "2510"]
[BlackElo "2423"]

1.Nf3 c5 2.c4 Nf6 3.Nc3 e6 4.g3 b6 5.Bg2 Bb7 6.O-O Be7 7.d4 cxd4 8.Qxd4 d6
9.Rd1 a6 10.Ng5 Bxg2 11.Kxg2 Nc6 12.Qf4 O-O 13.b3 Ra7 14.Bb2 Rd7 15.Nce4 Ne8
16.Nf3 b5 17.Kg1 bxc4 18.bxc4 Na5 19.Rac1 Qc8 20.c5 dxc5 21.Rxd7 Qxd7 22.Nxc5 Qb5
23.Nd3 Nf6 24.Qe5 Nc4 25.Qxb5 axb5 26.Bxf6 Bxf6 27.a4 Rb8 28.Nb4 Na3 29.a5 Ra8
30.a6 Nc4 31.Rd1 Kf8 32.Rd7 Ke8 33.Rc7 Be7 34.Nc6 Bd6 35.Ra7 Rxa7 36.Nxa7 b4
37.Nc8 Bc5 38.a7 Bxa7 39.Nxa7 Kd7 40.Kf1 e5 41.Ke1 Kc7 42.Kd1 Kb7 43.Kc2 f6
44.Kb3 Nd6 45.Kxb4 Kxa7 46.Nd2 Kb6 47.Nc4+ Nxc4 48.Kxc4 Kc6 49.e4 g6 50.g4  1/2-1/2

[Event "3rd LGA Premium Cup"]
[Site "Nuernberg GER"]
[Date "2006.09.10"]
[Round "6"]
[White "Renner,Christo"]
[Black "Wagner,Fl"]
[Result "1/2-1/2"]
[WhiteElo "2424"]
[BlackElo "2079"]

1.Nf3 c5 2.c4 Nf6 3.Nc3 d5 4.cxd5 Nxd5 5.e3 e6 6.d4 Nc6 7.Bd3 Be7 8.O-O O-O
9.a3 cxd4 10.exd4 Bf6 11.Be4 Nce7 12.h4 b6 13.Qd3 g6 14.Bh6 Bg7 15.Qd2 Bb7
16.Rfe1 Rb8 17.Bxg7 Kxg7 18.h5 Nf6 19.h6+ Kh8 20.Qf4 Neg8 21.Ne5 Bxe4 22.Nxe4 Nxe4
23.Nxf7+ Rxf7 24.Qxf7 Nxh6 25.Qf4 Ng5 26.Rac1 Rb7 27.Rc6 Rf7 28.Qe5+ Kg8
29.Rec1 Qf6 30.Qxf6 Rxf6 31.d5 Kg7 32.d6 Nhf7 33.Rc7 e5 34.Rd1 Ne6 35.Rxa7 Nd4
36.d7 Rd6 37.Re1 Kf6 38.Re4 Nd8 39.f4 N4c6 40.Ra6 exf4 41.Rxb6 Kf5 42.Re1 Rxd7
43.b4 Rd2 44.Kf1 Ra2 45.Rd1 Ke4 46.b5 Nd4 47.Rd6 N8e6 48.b6 f3 49.Re1+ Kf4
50.gxf3 Kg3 51.Rexe6 Nxf3 52.Rxg6+ hxg6 53.Rxg6+ Kf4 54.Rg8 Rb2 55.Rb8 Ke3
56.Re8+ Kf4 57.Re6 Rb1+ 58.Kg2  1/2-1/2

[Event "3rd LGA Premium Cup"]
[Site "Nuernberg GER"]
[Date "2006.09.10"]
[Round "7"]
[White "Buhmann,R"]
[Black "Ftacnik,L"]
[Result "1/2-1/2"]
[WhiteElo "2532"]
[BlackElo "2579"]

1.Nf3 Nf6 2.c4 c5 3.Nc3 e6 4.g3 b6 5.Bg2 Bb7 6.O-O Be7 7.Re1 d5 8.cxd5 Nxd5
9.e4 Nb4 10.d4 cxd4 11.Nxd4 N8c6 12.Nxc6 Qxd1 13.Rxd1 Bxc6 14.Bf4 g5 15.Be5 f6
16.Bd6 Rd8 17.e5 Bxd6 18.exd6 Bxg2 19.Kxg2 f5 20.Nb5 Kd7 21.Rac1 Rc8 22.Rc7+ Rxc7
23.dxc7+ Nd5 24.Nxa7 Kxc7 25.Nb5+ Kd7 26.Nc3  1/2-1/2

[Event "14th Bora Kostic Mem"]
[Site "Vrsac SCG"]
[Date "2006.09.12"]
[Round "1"]
[White "Damljanovic,B"]
[Black "Spraggett,K"]
[Result "1/2-1/2"]
[WhiteElo "2625"]
[BlackElo "2577"]

1.c4 Nf6 2.Nc3 c5 3.Nf3 e6 4.g3 b6 5.Bg2 Bb7 6.O-O Be7 7.Re1 d6 8.e4 Nbd7
9.d4 cxd4 10.Nxd4 Qc7 11.Ndb5 Qb8 12.Bf4 Ne5 13.b3 a6 14.Nd4 O-O 15.h3 Qc7
16.Rc1 Rac8 17.Be3 Ned7 18.f4 Rfe8 19.g4 h6 20.g5 hxg5 21.fxg5 Nh7 22.h4 g6
23.Rf1 Ne5 24.Bh3 Bf8 25.h5 Bg7 26.Rc2 Qe7 27.hxg6 Nxg6 28.Rg2 Rc5  1/2-1/2

[Event "EU-chG18"]
[Site "Herceg Novi MNE"]
[Date "2006.09.13"]
[Round "4"]
[White "Ivakhinova,I"]
[Black "Borosova,Z"]
[Result "1-0"]
[WhiteElo "2244"]
[BlackElo "2210"]

1.Nf3 Nf6 2.c4 e6 3.Nc3 c5 4.g3 Be7 5.Bg2 Nc6 6.O-O a6 7.d4 cxd4 8.Nxd4 Qc7
9.Re1 h5 10.h3 Ne5 11.b3 h4 12.g4 Nexg4 13.hxg4 Nxg4 14.f4 Bb4 15.Qd3 Qc5
16.Bh3 Qh5 17.Bd2 Be7 18.Qf3 f5 19.Kh1 Bf6 20.e3 Rh6 21.Ne4 Be7 22.Nf2 Nxf2+
23.Qxf2 b6 24.Qf3 Qxf3+ 25.Nxf3 Bb7 26.Rf1 Rg6 27.Kh2 Rg3 28.Bg2 g5 29.Nxh4 Bxg2
30.Nxg2 Rg4 31.Rf3 Kf7 32.Rg3 Rh8+ 33.Rh3 Rg8 34.Rh7+ Ke8 35.Rf1 gxf4 36.Nxf4 e5
37.Nd5 Rg2+ 38.Kh1 Rxd2 39.Rxe7+ Kd8 40.Rh7 b5 41.Rxf5 bxc4 42.bxc4 Rb2 43.Rff7 Rb1+
44.Kh2 Rb2+ 45.Kh3 Rb1 46.Rxd7+ Kc8 47.Rdg7 Rh1+ 48.Kg2 Rxh7 49.Rxg8+ Kb7
50.Kf3 Rh4 51.Rg4 Rh2 52.Ke4 Kc6 53.Kxe5 Kc5 54.Rd4 Rxa2 55.Nf4 a5 56.Ne6+ Kb4
57.c5+ Kb5 58.Kd6 a4 59.c6 a3 60.c7 Rc2 61.Rd1 a2 62.Nd4+  1-0

[Event "ch-EU"]
[Site "Liverpool ENG"]
[Date "2006.09.15"]
[Round "10"]
[White "Knott,S"]
[Black "Sarakauskiene,Z"]
[Result "1/2-1/2"]
[WhiteElo "2387"]
[BlackElo "2158"]

1.Nf3 Nf6 2.c4 c5 3.Nc3 e6 4.g3 b6 5.Bg2 Bb7 6.O-O Be7 7.Re1 O-O 8.e4 d6
9.d4 cxd4 10.Nxd4 Nfd7 11.Be3 Ne5 12.b3 Nbc6 13.f4 Nxd4 14.Bxd4 Nc6 15.Bf2 Rc8
16.Rc1 Qc7 17.Qd2 Qb8 18.g4 Rfd8 19.g5 Bf8 20.f5 Ne5 21.Qe2 g6 22.f6 h6 23.gxh6 Nd7
24.Rf1 Re8 25.Bg3 Rc5 26.Rcd1 Rh5 27.Nb5 Ne5 28.Bf4 a6 29.Nd4 Qd8 30.Nf3 Qc7
31.Nxe5 dxe5 32.Be3 Bxh6 33.Bxh6 Rxh6 34.Qe3 Rh8 35.Rf3 Rd8 36.Rxd8+ Qxd8
37.Qd3 Qd4+ 38.Qxd4 exd4 39.b4 Rh4 40.Ra3 e5 41.c5 bxc5 42.bxc5 Rf4 43.Rf3 Rg4
44.Rg3 Rf4 45.Rf3 Rg4 46.Rg3 Rf4 47.Rf3  1/2-1/2

[Event "14th Bora Kostic Mem"]
[Site "Vrsac SCG"]
[Date "2006.09.16"]
[Round "5"]
[White "Munizaba,S"]
[Black "Damljanovic,B"]
[Result "1/2-1/2"]
[WhiteElo "2319"]
[BlackElo "2625"]

1.c4 Nf6 2.Nc3 c5 3.Nf3 e6 4.g3 b6 5.Bg2 Bb7 6.O-O a6 7.b3 d6 8.Bb2 Be7 9.d4 cxd4
10.Nxd4 Bxg2 11.Kxg2 Qc7 12.e3 Qb7+ 13.Qf3 Ra7 14.Rfd1 O-O 15.Qxb7 Rxb7 16.e4 Rc8
17.Rac1 Nbd7 18.f4 g6 19.Kf3 Bf8 20.Rd2 Rbc7 21.Nde2 Rb7 22.Nd1 Ne8 23.Ne3 Bg7
24.Bxg7 Kxg7 25.Rcd1 Rcc7 26.g4 b5 27.h4 Nb6 28.cxb5 axb5 29.g5 Nd7 30.Ng3 Rc3
31.Rh2 f6 32.Ne2 Rc5 33.Nd4 Nf8 34.Ne2 Rf7 35.Rc1 h5 36.gxh6+ Kxh6 37.Rxc5 dxc5
38.Nc3 Nc7 39.Ng4+ Kg7 40.e5 fxe5 41.Nxe5 Rf5 42.a4 b4 43.Ne2 Nd5 44.a5 Nh7
45.Rg2 Ne7 46.Ng3 Rf8 47.Ne4 Ra8 48.Ra2 Nf6 49.Nxc5 Nfd5 50.a6 Nc7 51.Ra5 Ned5
52.a7 Kf6 53.Nc6 Rh8 54.Nd3 Rxh4 55.a8=Q Nxa8 56.Rxa8 Rh3+ 57.Ke4 Nc3+ 58.Kd4 Nb5+
59.Kc5 Rxd3 60.Kxb5 Rxb3 61.Nxb4 g5 62.fxg5+ Kxg5  1/2-1/2

[Event "Open A"]
[Site "Graz AUT"]
[Date "2006.09.21"]
[Round "6"]
[White "Zupe,M"]
[Black "Zakharchenko,A"]
[Result "1/2-1/2"]
[WhiteElo "2378"]
[BlackElo "2275"]

1.c4 g6 2.Nc3 c5 3.Nf3 Nf6 4.d4 cxd4 5.Nxd4 Nc6 6.e4 d6 7.Be2 Nxd4 8.Qxd4 Bg7
9.Be3 O-O 10.Qd2 Be6 11.Rc1 Qa5 12.f3 Rfc8 13.b3 a6 14.Na4 Qxd2+ 15.Kxd2 Nd7
16.g4 f5 17.exf5 gxf5 18.h3 Rf8 19.Nb6  1/2-1/2

[Event "2nd Geller Mem Open-A"]
[Site "Odessa UKR"]
[Date "2006.09.24"]
[Round "7"]
[White "Zubarev,Al1"]
[Black "Solodovnichenko,Y"]
[Result "1/2-1/2"]
[WhiteElo "2518"]
[BlackElo "2537"]

1.Nf3 c5 2.c4 Nf6 3.Nc3 e6 4.g3 b6 5.Bg2 Bb7 6.O-O Be7 7.d4 cxd4 8.Qxd4 d6
9.Rd1 a6 10.Ng5 Bxg2 11.Kxg2 O-O 12.Nce4 Ne8 13.Qd3 g6 14.Nf3 Ra7 15.Bh6 Ng7
16.Rd2 Rd7 17.Qc3 e5 18.Rad1 Re8 19.Bxg7 Kxg7 20.Rd5 f5 21.Ned2 Bf6 22.e4 Nc6
23.Re1  1/2-1/2

[Event "Vojvodina Quality League m"]
[Site "Sremska Mitrovica SRB"]
[Date "2006.09.24"]
[Round "4"]
[White "Radonjanin,V"]
[Black "Ivanovic,Mir"]
[Result "1/2-1/2"]
[WhiteElo "2265"]
[BlackElo "2164"]

1.Nf3 c5 2.c4 Nf6 3.Nc3 e6 4.g3 b6 5.Bg2 Bb7 6.O-O d6 7.d4 cxd4 8.Nxd4 Bxg2
9.Kxg2 Qc7 10.b3 Qb7+ 11.Kg1 a6 12.Qd3 Nbd7 13.Qf3 Qxf3 14.exf3 Rc8 15.Bb2 Be7
16.f4 g6 17.Rfe1 O-O 18.f5 e5 19.Nd5 Bd8 20.Nxf6+ Bxf6 21.Nc2 d5 22.Ne3 dxc4
23.Nxc4 e4 24.Bxf6 Nxf6 25.Nxb6 Rc2 26.Rec1 Rd2 27.Nc4 Rd3 28.Ne3 gxf5 29.Rc6 Ng4
30.Nxf5 Rd2 31.Nh6+ Nxh6 32.Rxh6 Re8 33.Rf6 Kg7 34.Rf4 Re5 35.g4 h5 36.Re1 hxg4
37.Rxg4+ Kh7 38.Rexe4 Rxe4 39.Rxe4 Rxa2 40.Rg4 Rb2 41.Rg3 a5 42.Kg2 Ra2 43.Kf3 a4
44.bxa4 Rxa4 45.Rg4 Ra3+ 46.Kf4 Ra2 47.Rg2 Ra5 48.Ke4 Rh5 49.f4 Ra5 50.Rg5 Ra6
51.f5 Rh6 52.Rg2 Ra6 53.Ke5 Kh6 54.f6 Re6+ 55.Kf5 Re1 56.Rg7 Rf1+ 57.Ke5 Re1+
58.Kd5 Rd1+ 59.Ke4 Re1+ 60.Kd5 Rh1  1/2-1/2

[Event "15th TCh-CRO w"]
[Site "Sibenik CRO"]
[Date "2006.09.25"]
[Round "4"]
[White "Srebrnic,A"]
[Black "Madl,I"]
[Result "1/2-1/2"]
[WhiteElo "2318"]
[BlackElo "2375"]

1.Nf3 c5 2.c4 Nf6 3.Nc3 e6 4.g3 b6 5.Bg2 Bb7 6.O-O Be7 7.b3 O-O 8.Bb2 d5
9.e3 Nbd7 10.Qe2 Rc8 11.d3 Qc7 12.Ne1 dxc4 13.bxc4 Bxg2 14.Nxg2 e5 15.e4 Rce8
16.f4 Bd8 17.f5 h6 18.Ne3 Qd6 19.Kg2 Nb8 20.Ncd5 Nc6 21.Nxf6+ Bxf6 22.Nd5 Ne7
23.Ne3 Nc6 24.Nd5 Ne7 25.Ne3  1/2-1/2

[Event "Vojvodina Quality League m"]
[Site "Sremska Mitrovica SRB"]
[Date "2006.09.28"]
[Round "9"]
[White "Grujic,Z"]
[Black "Klasan,V"]
[Result "1/2-1/2"]
[WhiteElo "2338"]
[BlackElo "2220"]

1.c4 Nf6 2.Nc3 c5 3.Nf3 d5 4.cxd5 Nxd5 5.Qa4+ Nc6 6.Ne5 Qc7 7.Nxc6 Nxc3 8.dxc3 Bd7
9.e4 Qxc6 10.Qc2 g6 11.Bc4 Bg7 12.Bd5 Qb6 13.Be3 e6 14.Bc4 Qc7 15.a4 O-O
16.O-O b6 17.Rfd1 Bc6 18.Bb5 Bf6 19.Bxc6 Qxc6 20.f3 Rfd8 21.Qb3 Rxd1+ 22.Rxd1 Rd8
23.Rxd8+  1/2-1/2